MARC details
| 000 -CABECERA |
| campo de control de longitud fija |
01149nam a2200265 a 4500 |
| 001 - NÚMERO DE CONTROL |
| campo de control |
000022921 |
| 005 - FECHA Y HORA DE LA ÚLTIMA TRANSACCIÓN |
| campo de control |
20240401193420.0 |
| 008 - DATOS DE LONGITUD FIJA--INFORMACIÓN GENERAL |
| campo de control de longitud fija |
101123s1966 ck r 001 0 spa d |
| 040 ## - FUENTE DE LA CATALOGACIÓN |
| Centro catalogador/agencia de origen |
DO-SdBNP |
| Lengua de catalogación |
spa |
| Centro/agencia transcriptor |
BNPHU |
| 082 ## - NÚMERO DE LA CLASIFICACIÓN DECIMAL DEWEY |
| Número de clasificación |
917.3 |
| Número de documento/Ítem |
B916u |
| 049 ## - FONDOS LOCALES (OCLC) |
| Fondos de biblioteca |
BNGR |
| 100 1# - ENTRADA PRINCIPAL--NOMBRE DE PERSONA |
| Nombre de persona |
Bryce, James Bryce, Viscount, |
| Títulos y otros términos asociados al nombre |
Vizconde |
| Fechas asociadas al nombre |
1838-1922 |
| 9 (RLIN) |
47126 |
| 240 10 - TÍTULO UNIFORME |
| Título uniforme |
Reflections on american institutions. |
| Lenguaje de la obra |
Español. |
| 245 10 - MENCIÓN DE TÍTULO |
| Título |
U.S.A. La revolución institucionalizada / |
| Mención de responsabilidad, etc. |
James Bryce ; prólogo de German Arciniegas ; introdución de Henry Steele Commager ; traducción de Francisco Gómez Palacio. |
| 260 ## - PUBLICACIÓN, DISTRIBUCIÓN, ETC. |
| Lugar de publicación, distribución, etc. |
Cali : |
| Nombre del editor, distribuidor, etc. |
Norma, |
| Fecha de publicación, distribución, etc. |
1966. |
| 300 ## - DESCRIPCIÓN FÍSICA |
| Extensión |
387 p. ; |
| Dimensiones |
20 cm. |
| 504 ## - NOTA DE BIBLIOGRAFÍA, ETC. |
| Nota de bibliografía, etc. |
Incluye referencias bibliográficas y notas al pie de las páginas. |
| 534 ## - NOTA SOBRE LA VERSIÓN ORIGINAL |
| Frase introductoria |
Título en Inglés: |
| Mención de título del original |
Reflections on american institutions. |
| 650 #4 - PUNTO DE ACCESO ADICIONAL DE MATERIA--TÉRMINO DE MATERIA |
| Término de materia o nombre geográfico como elemento de entrada |
Estados unidos |
| Subdivisión general |
Civilización |
| Subdivisión cronológica |
1865 - 1878 |
| 9 (RLIN) |
47127 |
| 650 #4 - PUNTO DE ACCESO ADICIONAL DE MATERIA--TÉRMINO DE MATERIA |
| Término de materia o nombre geográfico como elemento de entrada |
Estados unidos |
| Subdivisión general |
Política y gobierno |
| 9 (RLIN) |
3192 |
| 650 #4 - PUNTO DE ACCESO ADICIONAL DE MATERIA--TÉRMINO DE MATERIA |
| Término de materia o nombre geográfico como elemento de entrada |
Estados unidos |
| Subdivisión general |
Condiciones sociales |
| 9 (RLIN) |
47128 |
| 700 1# - PUNTO DE ACCESO ADICIONAL--NOMBRE DE PERSONA |
| Nombre de persona |
Arciniegas, German, |
| Término indicativo de función/relación |
pról. |
| 9 (RLIN) |
43711 |
| 700 1# - PUNTO DE ACCESO ADICIONAL--NOMBRE DE PERSONA |
| Nombre de persona |
Steele Commager, Henry, |
| Término indicativo de función/relación |
introd. |
| 9 (RLIN) |
47129 |
| 700 1# - PUNTO DE ACCESO ADICIONAL--NOMBRE DE PERSONA |
| Nombre de persona |
Gómez Palacio, Francisco, |
| Término indicativo de función/relación |
tr. |
| 9 (RLIN) |
41542 |